|
|
|
|
| LEADER |
01110nam a2200337 a 4500 |
| 001 |
000601131 |
| 003 |
CZ BrMZK |
| 005 |
20030728112006.0 |
| 007 |
ta |
| 008 |
020517s1990 xxk f eng d |
| 020 |
|
|
|a 0-7494-0095-1
|
| 040 |
|
|
|a BOA001
|b cze
|
| 043 |
|
|
|a e-uk---
|
| 080 |
|
|
|a 371.13
|2 MRF
|
| 080 |
|
|
|a (410)
|2 MRF
|
| 080 |
|
|
|a (082)
|2 MRF
|
| 245 |
0 |
0 |
|a Initial teachear education :
|b policies and progress /
|c edited by Norman J. Graves
|
| 250 |
|
|
|a 1st publ.
|
| 260 |
|
|
|a London :
|b Kogan Page,
|c 1990
|
| 300 |
|
|
|a 160 s. ;
|c 24 cm
|
| 490 |
1 |
|
|a London education studies
|
| 504 |
|
|
|a Obsahuje bibliografii a rejstřík
|
| 650 |
0 |
7 |
|a vzdělávání učitelů
|7 ph158324
|2 czenas
|
| 655 |
|
7 |
|a sborníky
|7 fd163935
|2 czenas
|
| 651 |
|
7 |
|a Velká Británie
|7 ge134525
|2 czenas
|
| 700 |
1 |
|
|a Graves, Norman John,
|d 1925-
|7 jn19990002847
|4 edt
|
| 710 |
2 |
|
|a University of London.
|b Institute of Education
|
| 830 |
|
0 |
|a London education studies
|
| 910 |
|
|
|a BOA001
|b 2-1103.364
|
| 990 |
|
|
|a BK
|
| 996 |
7 |
|
|b 2610161525
|c 2-1103.364
|l MZK
|r Sklad / do 1 hodiny
|n 0
|p dar
|w 000601131
|u 000010
|a 1
|e BOA001
|j MZK50
|s A
|